[Event "Moscu Open 2009"]
[Site "Moscu RUS"]
[Date "2009.01.31"]
[Round "1.5"]
[White "Zubov, Alexander"]
[Black "Timofeev, Artyom"]
[Result "1/2-1/2"]
[WhiteElo "2574"]
[BlackElo "2671"]
[PlyCount "85"]
[EventDate "2009.01.31"]
[EventType "swiss"]
[EventRounds "9"]
[EventCountry "RUS"]
[Source "lmi"]
[SourceDate "2009.01.31"]

1. d4 Nf6 2. c4 g6 3. Nc3 d5 4. Nf3 Bg7 5. Bf4 O-O 6. Rc1 dxc4 7. e4 Bg4 8.
Bxc4 Nh5 9. Be3 Bxf3 10. gxf3 e5 11. dxe5 Bxe5 12. Qxd8 Rxd8 13. O-O Nd7 14.
Ne2 Bxb2 15. Rb1 Ne5 16. Rxb2 Nxc4 17. Rxb7 Nxe3 18. fxe3 Rd2 19. Nc3 c6 20.
Rc7 Rd3 21. Rxc6 Rxe3 22. Nd5 Ra3 23. Rf2 Re8 24. Nf6+ Nxf6 25. Rxf6 Re5 26.
Rc6 Kg7 27. Rc7 Rea5 28. Kg2 Rxa2 29. Rxa2 Rxa2+ 30. Kg3 a5 31. Ra7 a4 32. e5
Kf8 33. e6 fxe6 34. Rxh7 a3 35. Ra7 Ra1 36. Kg2 Ke8 37. Ra6 Ke7 38. h4 Kd7 39.
Kh2 Ke7 40. Kg2 Kd7 41. Kh2 Kc7 42. Rxe6 Kb7 43. Re3 1/2-1/2

[Event "Moscu Open 2009"]
[Site "Moscu RUS"]
[Date "2009.01.31"]
[Round "1.9"]
[White "Zhang, Zhong"]
[Black "Deviatkin, Andrei"]
[Result "1/2-1/2"]
[WhiteElo "2656"]
[BlackElo "2566"]
[PlyCount "51"]
[EventDate "2009.01.31"]
[EventType "swiss"]
[EventRounds "9"]
[EventCountry "RUS"]
[Source "lmi"]
[SourceDate "2009.01.31"]

1. d4 d5 2. c4 c6 3. Nc3 Nf6 4. e3 g6 5. Nf3 Bg7 6. Bd3 O-O 7. O-O Bg4 8. h3
Bxf3 9. Qxf3 e6 10. Rd1 Nbd7 11. b3 Re8 12. Bb2 Qe7 13. Qe2 Rac8 14. Rac1 Bf8
15. a3 Red8 16. Qf3 Bg7 17. Bf1 Re8 18. Rc2 Bh6 19. b4 Nb6 20. c5 Nbd7 21. b5
e5 22. bxc6 bxc6 23. Ba6 Rb8 24. Na2 Bg7 25. Nb4 Qe6 26. Bd3 1/2-1/2

[Event "Moscu Open 2009"]
[Site "Moscu RUS"]
[Date "2009.01.31"]
[Round "1.22"]
[White "Yakovich, Yuri"]
[Black "Volkov, Sergey"]
[Result "1/2-1/2"]
[WhiteElo "2556"]
[BlackElo "2627"]
[PlyCount "119"]
[EventDate "2009.01.31"]
[EventType "swiss"]
[EventRounds "9"]
[EventCountry "RUS"]
[Source "lmi"]
[SourceDate "2009.01.31"]

1. c4 e5 2. Nc3 Bb4 3. Qc2 Nf6 4. a3 Bxc3 5. Qxc3 Qe7 6. b4 d5 7. cxd5 Nxd5 8.
Qc2 O-O 9. e3 Nd7 10. Bb2 c5 11. b5 N7b6 12. Nf3 f6 13. Bd3 g6 14. Rc1 Rd8 15.
O-O Be6 16. Be2 Rac8 17. d3 Qe8 18. Ba1 Bd7 19. Qb3 Bxb5 20. e4 c4 21. dxc4 Ba4
22. Qb2 Nf4 23. c5 Nxe2+ 24. Qxe2 Bb5 25. Qa2+ Qf7 26. Qxf7+ Kxf7 27. cxb6 Bxf1
28. Rxf1 axb6 29. Bb2 Rc2 30. Bc1 Ra2 31. g4 Rd3 32. Kg2 g5 33. Bxg5 Rdxa3 34.
Bc1 Rc3 35. g5 Ra1 36. Be3 Rxf1 37. Kxf1 b5 38. gxf6 Kxf6 39. Ke2 b4 40. Bd2
Rc4 41. Kd3 b5 42. Be1 Ke6 43. h4 h5 44. Bd2 b3 45. Bc3 Rc8 46. Ng5+ Ke7 47.
Bxe5 Rc2 48. Bd4 Rc1 49. Nf3 Rh1 50. Nd2 Rxh4 51. Nxb3 Rg4 52. Be5 h4 53. Nd4
h3 54. Nf3 Rg8 55. Kc3 Rf8 56. Ng1 Rxf2 57. Nxh3 Rf3+ 58. Kb4 Rxh3 59. Bd4 Rh5
60. Bc5+ 1/2-1/2

[Event "Moscu Open 2009"]
[Site "Moscu RUS"]
[Date "2009.02.01"]
[Round "2.2"]
[White "Zolotukhin, Valery"]
[Black "Inarkiev, Ernesto"]
[Result "0-1"]
[WhiteElo "2358"]
[BlackElo "2656"]
[PlyCount "62"]
[EventDate "2009.01.31"]
[EventType "swiss"]
[EventRounds "9"]
[EventCountry "RUS"]
[Source "lmi"]
[SourceDate "2009.01.31"]

1. d4 Nf6 2. c4 e6 3. Nf3 c5 4. d5 b5 5. dxe6 fxe6 6. cxb5 d5 7. Bg5 Nbd7 8.
Nbd2 Bd6 9. e4 O-O 10. Bd3 h6 11. Bh4 Ne5 12. Nxe5 Bxe5 13. O-O c4 14. Bc2 Bxb2
15. Rb1 Bc3 16. exd5 exd5 17. Nxc4 dxc4 18. Qf3 Qd2 19. Bxf6 Bxf6 20. Qe4 Rb8
21. Qh7+ Kf7 22. Qg6+ Kg8 23. Qh7+ Kf7 24. Qg6+ Ke7 25. Rfe1+ Be6 26. Bf5 Rb6
27. Qg4 Bd4 28. Bxe6 Bxf2+ 29. Kh1 Bxe1 30. Qxg7+ Ke8 31. Bxc4 Rbf6 0-1

[Event "Moscu Open 2009"]
[Site "Moscu RUS"]
[Date "2009.02.01"]
[Round "2.3"]
[White "Grachev, Boris"]
[Black "Biryukov, Dmitriy"]
[Result "1-0"]
[WhiteElo "2655"]
[BlackElo "2357"]
[PlyCount "129"]
[EventDate "2009.01.31"]
[EventType "swiss"]
[EventRounds "9"]
[EventCountry "RUS"]
[Source "lmi"]
[SourceDate "2009.01.31"]

1. d4 d6 2. c4 g6 3. Nf3 Bg7 4. g3 Nf6 5. Nc3 O-O 6. Bg2 Nc6 7. O-O e5 8. dxe5
Nxe5 9. Nxe5 dxe5 10. Qxd8 Rxd8 11. Bg5 Rd4 12. Rad1 Be6 13. Bxb7 Rb8 14. Bg2
Rxb2 15. Be3 Rxd1 16. Rxd1 h6 17. Rc1 a6 18. Nd5 Ne8 19. Ne7+ Kf8 20. Bc5 Nd6
21. Nd5 Bxd5 22. Bxd5 Bf6 23. e4 Be7 24. Be3 g5 25. g4 Ne8 26. c5 Nf6 27. h3
Rb4 28. f3 Nxd5 29. exd5 Ke8 30. d6 cxd6 31. cxd6 Bxd6 32. Rc6 Rb1+ 33. Kf2 Kd7
34. Rxa6 Rb2+ 35. Kf1 Rb1+ 36. Ke2 Rh1 37. a4 Rxh3 38. a5 Rh2+ 39. Kd3 Ra2 40.
Ra8 Ke6 41. a6 Ra3+ 42. Ke2 Ra2+ 43. Kd1 Ra1+ 44. Kc2 Ra2+ 45. Kb1 Ra5 46. a7
Kd5 47. Re8 Kc4 48. Bb6 Rb5+ 49. Kc2 Rxb6 50. a8=Q Bc5 51. Rxe5 Rb2+ 52. Kxb2
Bd4+ 53. Kc2 Bxe5 54. Qc6+ Kd4 55. Qe4+ Kc5 56. Qxe5+ Kc6 57. Kc3 f6 58. Qxf6+
Kd5 59. Qf5+ Kd6 60. Kd4 h5 61. Qf6+ Kd7 62. Kd5 hxg4 63. Qf7+ Kc8 64. Kc6 gxf3
65. Qf8# 1-0

[Event "Moscu Open 2009"]
[Site "Moscu RUS"]
[Date "2009.02.01"]
[Round "2.4"]
[White "Riazantsev, Alexander"]
[Black "Popilski, Gil"]
[Result "1-0"]
[WhiteElo "2634"]
[BlackElo "2348"]
[PlyCount "39"]
[EventDate "2009.01.31"]
[EventType "swiss"]
[EventRounds "9"]
[EventCountry "RUS"]
[Source "lmi"]
[SourceDate "2009.01.31"]

1. d4 Nf6 2. c4 g6 3. Nc3 d5 4. cxd5 Nxd5 5. Bd2 Nb6 6. Bf4 Bg7 7. e3 O-O 8.
Nf3 Nc6 9. Be2 e5 10. Nxe5 Nxe5 11. Bxe5 Bxe5 12. dxe5 Qg5 13. Qd4 Qxg2 14.
O-O-O Qxf2 15. Rdf1 Qg2 16. h4 Qc6 17. Bb5 Qe6 18. h5 g5 19. Ne4 c5 20. Qd3 1-0

[Event "Moscu Open 2009"]
[Site "Moscu RUS"]
[Date "2009.02.01"]
[Round "2.5"]
[White "Kremenietsky, Anatoly M"]
[Black "Nepomniachtchi, Ian"]
[Result "0-1"]
[WhiteElo "2346"]
[BlackElo "2628"]
[PlyCount "82"]
[EventDate "2009.01.31"]
[EventType "swiss"]
[EventRounds "9"]
[EventCountry "RUS"]
[Source "lmi"]
[SourceDate "2009.01.31"]

1. d4 Nf6 2. Nf3 g6 3. c4 Bg7 4. g3 O-O 5. Bg2 d5 6. cxd5 Nxd5 7. O-O Nb6 8. a4
a5 9. Nc3 Nc6 10. Nb5 Nb4 11. Nc3 c6 12. Bf4 Bf5 13. Rc1 Qc8 14. e4 Bg4 15. d5
Qd7 16. dxc6 bxc6 17. Qxd7 Nxd7 18. Nd1 Rfd8 19. Be3 Rab8 20. h3 Bxf3 21. Bxf3
c5 22. Bf4 Be5 23. Be2 Bxf4 24. gxf4 Nc6 25. Bb5 Nd4 26. Nc3 Nf6 27. Kh1 Nh5
28. f5 Nf4 29. fxg6 hxg6 30. Kh2 Kg7 31. Kg3 e5 32. h4 Rh8 33. Rh1 Rh5 34. f3
Rbh8 35. Rcg1 g5 36. Kf2 Rxh4 37. Rxh4 Rxh4 38. Rxg5+ Kf6 39. Rg3 Rh2+ 40. Ke1
Rxb2 41. Kd1 Rb3 0-1

[Event "Moscu Open 2009"]
[Site "Moscu RUS"]
[Date "2009.02.01"]
[Round "2.9"]
[White "Tappyrov, Vladimir"]
[Black "Kurnosov, Igor"]
[Result "0-1"]
[WhiteElo "2317"]
[BlackElo "2602"]
[PlyCount "130"]
[EventDate "2009.01.31"]
[EventType "swiss"]
[EventRounds "9"]
[EventCountry "RUS"]
[Source "lmi"]
[SourceDate "2009.01.31"]

1. d4 g6 2. Nf3 Bg7 3. c3 d6 4. Bf4 Nd7 5. Na3 e5 6. dxe5 dxe5 7. Bg5 f6 8. Be3
Ne7 9. Qb3 Nf5 10. Qe6+ Qe7 11. Qxe7+ Kxe7 12. Bd2 Nc5 13. e3 Rd8 14. O-O-O Be6
15. b3 Nd6 16. Be2 Nde4 17. Rhf1 g5 18. c4 g4 19. Ne1 Nxd2 20. Rxd2 Rxd2 21.
Kxd2 Rd8+ 22. Kc1 f5 23. Nec2 Ne4 24. Nb1 Bf6 25. f3 gxf3 26. gxf3 Nc5 27. Rg1
a5 28. Nd2 c6 29. Nf1 a4 30. Nd2 axb3 31. axb3 h6 32. Rg2 Bg5 33. Bf1 f4 34. e4
Bh3 35. Rg1 Bxf1 36. Rxf1 Rd3 37. Na1 Rc3+ 38. Kd1 Kf7 39. Rg1 Bh4 40. Rg2 Nd3
41. Nc2 Nb2+ 42. Kc1 Nd3+ 43. Kd1 Rxc2 44. Rg4 Rc1+ 45. Ke2 Re1+ 46. Kxd3 Re3+
47. Kc2 Be1 48. Rg2 Kf6 49. c5 h5 50. Nc4 Rxf3 51. Rg6+ Kxg6 52. Nxe5+ Kf6 53.
Nxf3 Bb4 54. Kd3 Bxc5 55. h3 b5 56. Kc3 Ke6 57. Kd3 Be3 58. Kc3 Kd6 59. Kd3 Bb6
60. Kc3 Bd8 61. Kd3 Bf6 62. Nd2 Kc5 63. Nf3 Bg7 64. Nh4 Kb4 65. Kc2 c5 0-1

[Event "Moscu Open 2009"]
[Site "Moscu RUS"]
[Date "2009.02.01"]
[Round "2.10"]
[White "Rzayev, Bahruz"]
[Black "Svetushkin, Dmitry"]
[Result "0-1"]
[WhiteElo "2313"]
[BlackElo "2593"]
[PlyCount "114"]
[EventDate "2009.01.31"]
[EventType "swiss"]
[EventRounds "9"]
[EventCountry "RUS"]
[Source "lmi"]
[SourceDate "2009.01.31"]

1. e4 c6 2. d4 d5 3. f3 g6 4. Nc3 Bg7 5. Be3 Qb6 6. a3 e5 7. exd5 exd4 8. Bf2
Ne7 9. Bc4 cxd5 10. Bb3 Nbc6 11. Nge2 O-O 12. O-O Nf5 13. Nxd5 Qc5 14. c3 Ne3
15. Bxe3 dxe3 16. Qd3 Be6 17. Kh1 Rad8 18. Nef4 Be5 19. Qc2 Bxd5 20. Nxd5 Rxd5
21. Bxd5 Qxd5 22. Rae1 Bf4 23. g3 Bh6 24. Qg2 Rd8 25. Re2 Qd3 26. f4 Bf8 27. g4
Bc5 28. h4 Qd5 29. Qxd5 Rxd5 30. Kg2 a5 31. b4 Ba7 32. Kf3 f5 33. g5 Kf7 34.
Rc2 Ke6 35. Ke2 Rd7 36. Rb1 axb4 37. axb4 Bb6 38. Kf3 h6 39. Rg1 Rh7 40. Rcg2
Ne7 41. c4 hxg5 42. Rxg5 Bd4 43. Rd1 Bf6 44. Rgg1 Rxh4 45. Kxe3 Rh3+ 46. Kf2
Bc3 47. b5 Bb4 48. Rh1 Bc5+ 49. Kg2 Rxh1 50. Kxh1 Nc8 51. Re1+ Kf6 52. Kg2 Nd6
53. Rc1 Be3 54. Rc2 Bxf4 55. b6 Nf7 56. Kf3 g5 57. Ra2 Ne5+ 0-1

[Event "Moscu Open 2009"]
[Site "Moscu RUS"]
[Date "2009.02.01"]
[Round "2.11"]
[White "Kalmachevskikh, Viktor"]
[Black "Korotylev, Alexey"]
[Result "0-1"]
[WhiteElo "2306"]
[BlackElo "2587"]
[PlyCount "70"]
[EventDate "2009.01.31"]
[EventType "swiss"]
[EventRounds "9"]
[EventCountry "RUS"]
[Source "lmi"]
[SourceDate "2009.01.31"]

1. c4 e5 2. g3 Nf6 3. Bg2 Nc6 4. Nc3 Bc5 5. Nf3 d6 6. O-O a6 7. d3 h6 8. Nd2
Ba7 9. Rb1 O-O 10. b4 Ne7 11. Bb2 Nh7 12. Nf3 Be6 13. c5 f5 14. e3 Nf6 15. cxd6
cxd6 16. d4 e4 17. Nd2 Ned5 18. Nxd5 Bxd5 19. a3 Qd7 20. Rc1 Rac8 21. Rxc8 Rxc8
22. Qb1 b5 23. Rc1 Re8 24. Qc2 Bb6 25. Bf1 g5 26. Nb1 Bb7 27. d5 Nxd5 28. Nc3
Nxe3 29. fxe3 Bxe3+ 30. Kh1 Bxc1 31. Bxc1 d5 32. Bb2 d4 33. Ne2 d3 34. Qc3 Kh7
35. Bh3 g4 0-1

[Event "Moscu Open 2009"]
[Site "Moscu RUS"]
[Date "2009.02.01"]
[Round "2.16"]
[White "Demidov, Mikhail"]
[Black "Geller, Jakov"]
[Result "1/2-1/2"]
[WhiteElo "2288"]
[BlackElo "2523"]
[PlyCount "84"]
[EventDate "2009.01.31"]
[EventType "swiss"]
[EventRounds "9"]
[EventCountry "RUS"]
[Source "lmi"]
[SourceDate "2009.01.31"]

1. d4 d5 2. c4 c6 3. Nf3 Nf6 4. e3 Bg4 5. Nbd2 Nbd7 6. Be2 e6 7. b3 Be7 8. Bb2
h6 9. Bd3 O-O 10. O-O Re8 11. Qc2 Bxf3 12. Nxf3 Rc8 13. Rac1 a6 14. Rfd1 Bd6
15. Ne5 Bxe5 16. dxe5 Ng4 17. Qe2 Ngxe5 18. Bb1 Ng6 19. Bxg6 fxg6 20. Qc2 Kh7
21. e4 dxc4 22. Qxc4 Qe7 23. Rd2 Rcd8 24. Rcd1 Nf6 25. h3 Rxd2 26. Rxd2 e5 27.
Bc3 c5 28. a4 b6 29. f3 a5 30. Rd1 Nh5 31. Qb5 Rf8 32. Qxb6 Nf4 33. Rd2 Qg5 34.
Qd6 Nxh3+ 35. Kh2 Qf4+ 36. g3 Qxf3 37. Qxe5 Rf7 38. Kxh3 Qh1+ 39. Rh2 Qf1+ 40.
Rg2 Qh1+ 41. Rh2 Qf1+ 42. Rg2 Qh1+ 1/2-1/2

[Event "Moscu Open 2009"]
[Site "Moscu RUS"]
[Date "2009.02.01"]
[Round "2.18"]
[White "Korovianski, Dmitry"]
[Black "Nikolenko, Oleg"]
[Result "0-1"]
[WhiteElo "2281"]
[BlackElo "2511"]
[PlyCount "80"]
[EventDate "2009.01.31"]
[EventType "swiss"]
[EventRounds "9"]
[EventCountry "RUS"]
[Source "lmi"]
[SourceDate "2009.01.31"]

1. d4 Nf6 2. c4 g6 3. Nc3 d5 4. Nf3 Bg7 5. Qb3 dxc4 6. Qxc4 O-O 7. e4 Nc6 8.
Be2 Bg4 9. Be3 Bxf3 10. gxf3 e5 11. d5 Nd4 12. Bxd4 exd4 13. Qxd4 c6 14. d6 Nh5
15. Qc5 b6 16. Qa3 Nf4 17. h4 Be5 18. Rd1 Qd7 19. Bf1 Rad8 20. Ne2 Ne6 21. Bh3
Bxd6 22. Qb3 Bb4+ 23. Nc3 Qxd1+ 24. Qxd1 Rxd1+ 25. Kxd1 Rd8+ 26. Ke2 Nf4+ 27.
Ke3 Bd6 28. Bf1 Ne6 29. Kd3 Bf4+ 30. Kc2 Rd2+ 31. Kb1 b5 32. Bh3 b4 33. Na4 Nd4
34. h5 Nxf3 35. hxg6 hxg6 36. Rc1 Re2 37. Rd1 Rxf2 38. Nc5 Ne5 39. Nd3 Nxd3 40.
Rxd3 Be5 0-1

[Event "Moscu Open 2009"]
[Site "Moscu RUS"]
[Date "2009.02.01"]
[Round "2.20"]
[White "Naumkin, Igor"]
[Black "Matvienko, Ivan"]
[Result "0-1"]
[WhiteElo "2501"]
[BlackElo "2276"]
[PlyCount "80"]
[EventDate "2009.01.31"]
[EventType "swiss"]
[EventRounds "9"]
[EventCountry "RUS"]
[Source "lmi"]
[SourceDate "2009.01.31"]

1. d4 Nf6 2. c4 e6 3. Nf3 b6 4. g3 Ba6 5. b3 d5 6. Bg2 dxc4 7. Ne5 Bb4+ 8. Kf1
Bd6 9. Nxc4 Nd5 10. Bb2 f5 11. Nc3 Bb7 12. Nxd5 Bxd5 13. Ne3 c6 14. Rc1 O-O 15.
Qd3 Nd7 16. Rxc6 Bxc6 17. Bxc6 Rc8 18. Bb5 Nf6 19. Bc4 Qd7 20. a4 f4 21. gxf4
Bxf4 22. Rg1 Bxe3 23. Qxe3 Nd5 24. Qe5 Rf7 25. f3 g6 26. Kf2 Rf5 27. Qe4 Qd6
28. Rg3 Kf7 29. Rh3 h5 30. Rg3 Nf6 31. Qd3 h4 32. Rh3 Qf4 33. Ke1 Rg5 34. Kd1
Nd5 35. Ke1 Rg1+ 36. Kf2 Qg5 37. Bxd5 exd5 38. Rxh4 Qg2+ 39. Ke3 Re8+ 40. Kd2
Qg5+ 0-1

[Event "Moscu Open 2009"]
[Site "Moscu RUS"]
[Date "2009.02.01"]
[Round "2.21"]
[White "Ajrapetjan, Yuriy"]
[Black "Rakhimgaliyev, Erlan"]
[Result "1-0"]
[WhiteElo "2490"]
[BlackElo "2272"]
[PlyCount "77"]
[EventDate "2009.01.31"]
[EventType "swiss"]
[EventRounds "9"]
[EventCountry "RUS"]
[Source "lmi"]
[SourceDate "2009.01.31"]

1. d4 Nf6 2. c4 g6 3. Nc3 Bg7 4. e4 d6 5. Nge2 O-O 6. Ng3 e5 7. d5 c6 8. Be2 a5
9. O-O Na6 10. Be3 h5 11. Bg5 Qc7 12. Qd2 Nh7 13. Be3 h4 14. Nh1 f5 15. exf5
gxf5 16. f4 Bd7 17. dxc6 Bxc6 18. Nb5 Qe7 19. Rae1 Kh8 20. Bf3 e4 21. Be2 Bxb5
22. cxb5 Nc5 23. Rd1 Rfd8 24. Qd5 Qe6 25. Qxe6 Nxe6 26. Bc4 Nc7 27. b6 Ne8 28.
Rd2 Nhf6 29. Nf2 a4 30. Be6 Ra5 31. Rc1 d5 32. Bd4 Nd6 33. Nh3 Nc4 34. Ng5 Re8
35. Rdd1 Ng4 36. Bxg7+ Kxg7 37. Rxc4 Rxe6 38. Nxe6+ Kf6 39. Rc5 1-0

[Event "Moscu Open 2009"]
[Site "Moscu RUS"]
[Date "2009.02.01"]
[Round "2.23"]
[White "Pushkov, Nikolai"]
[Black "Nukin, Ashat"]
[Result "1-0"]
[WhiteElo "2486"]
[BlackElo "2270"]
[PlyCount "55"]
[EventDate "2009.01.31"]
[EventType "swiss"]
[EventRounds "9"]
[EventCountry "RUS"]
[Source "lmi"]
[SourceDate "2009.01.31"]

1. d4 d5 2. Nf3 Nf6 3. e3 e6 4. Bd3 Bd6 5. b3 O-O 6. Bb2 c5 7. Nbd2 Nc6 8. c4
Re8 9. O-O e5 10. cxd5 Nb4 11. Bb5 e4 12. Ne5 Re7 13. Bc4 cxd4 14. exd4 Bf5 15.
Re1 Nbxd5 16. f3 e3 17. Nf1 Qb6 18. Kh1 Rd8 19. Qc1 Bb4 20. Nxe3 Nxe3 21. Rxe3
Rxd4 22. Re2 Rd8 23. Qg5 Qd6 24. Qxf5 Qd1+ 25. Re1 Bxe1 26. Rxd1 Rxd1 27. Qc2
Rd8 28. Nxf7 1-0

[Event "Moscu Open 2009"]
[Site "Moscu RUS"]
[Date "2009.02.02"]
[Round "3.1"]
[White "Areshchenko, Alexander"]
[Black "Danin, Alexandre"]
[Result "1-0"]
[WhiteElo "2673"]
[BlackElo "2465"]
[PlyCount "67"]
[EventDate "2009.01.31"]
[EventType "swiss"]
[EventRounds "9"]
[EventCountry "RUS"]
[Source "lmi"]
[SourceDate "2009.01.31"]

1. e4 e6 2. d4 d5 3. e5 c5 4. c3 Nc6 5. Nf3 Bd7 6. Be2 Nge7 7. Na3 cxd4 8. cxd4
Nf5 9. Nc2 Rc8 10. O-O Qb6 11. Kh1 Na5 12. g4 Ne7 13. Nfe1 h5 14. gxh5 Bb5 15.
Nd3 Nf5 16. Be3 Nc4 17. b3 Ncxe3 18. fxe3 a5 19. Qd2 Be7 20. Rg1 Qd8 21. Raf1
O-O 22. Nc5 Bc6 23. Bd3 Bg5 24. Bxf5 exf5 25. Rxf5 Bh6 26. Qf2 Qe7 27. Ne1 Kh8
28. Rf3 Bb5 29. Ncd3 Qd7 30. Nf4 Kg8 31. a4 Ba6 32. Rfg3 Kh7 33. Qg2 Rg8 34.
Nxd5 1-0

[Event "Moscu Open 2009"]
[Site "Moscu RUS"]
[Date "2009.02.02"]
[Round "3.4"]
[White "Gubajdullin, Alexei"]
[Black "Riazantsev, Alexander"]
[Result "1/2-1/2"]
[WhiteElo "2454"]
[BlackElo "2634"]
[PlyCount "28"]
[EventDate "2009.01.31"]
[EventType "swiss"]
[EventRounds "9"]
[EventCountry "RUS"]
[Source "lmi"]
[SourceDate "2009.01.31"]

1. Nf3 d5 2. d4 Nf6 3. c4 e6 4. g3 dxc4 5. Qc2 a6 6. Qxc4 b5 7. Qc2 Bb7 8. Bg2
Nbd7 9. Bg5 Rc8 10. Nc3 c5 11. d5 exd5 12. Nh4 h6 13. Ng6 hxg5 14. Nxh8 Qb6
1/2-1/2

[Event "Moscu Open 2009"]
[Site "Moscu RUS"]
[Date "2009.02.02"]
[Round "3.8"]
[White "Andreikin, Dmitry"]
[Black "Hovhannisyan, Robert"]
[Result "1/2-1/2"]
[WhiteElo "2614"]
[BlackElo "2402"]
[PlyCount "39"]
[EventDate "2009.01.31"]
[EventType "swiss"]
[EventRounds "9"]
[EventCountry "RUS"]
[Source "lmi"]
[SourceDate "2009.01.31"]

1. e4 e5 2. Nf3 Nf6 3. Nxe5 d6 4. Nf3 Nxe4 5. Nc3 Nxc3 6. dxc3 Be7 7. Be3 O-O
8. Qd2 Nc6 9. O-O-O Ne5 10. h4 Re8 11. Kb1 Nxf3 12. gxf3 Bf5 13. Qd5 Qc8 14.
Rg1 Bf6 15. Bd4 Be5 16. f4 c6 17. Qg2 Bxd4 18. cxd4 g6 19. h5 Qd8 20. Bd3
1/2-1/2

[Event "Moscu Open 2009"]
[Site "Moscu RUS"]
[Date "2009.02.02"]
[Round "3.9"]
[White "Kurnosov, Igor"]
[Black "Gagarin, Vasilij"]
[Result "1/2-1/2"]
[WhiteElo "2602"]
[BlackElo "2392"]
[PlyCount "66"]
[EventDate "2009.01.31"]
[EventType "swiss"]
[EventRounds "9"]
[EventCountry "RUS"]
[Source "lmi"]
[SourceDate "2009.01.31"]

1. e4 e5 2. Nf3 Nc6 3. Bb5 a6 4. Ba4 Nf6 5. O-O Be7 6. d3 b5 7. Bb3 O-O 8. a4
b4 9. Nbd2 d6 10. a5 Be6 11. Bc4 Qd7 12. Re1 h6 13. Nf1 Rfe8 14. b3 Bf8 15. Bb2
g6 16. Bxe6 Rxe6 17. d4 exd4 18. Nxd4 Nxd4 19. Qxd4 Qb5 20. c4 bxc3 21. Qxc3
Bg7 22. Qxc7 Nxe4 23. Bxg7 Kxg7 24. Qb6 Qxb6 25. axb6 Rb8 26. Rxa6 Nc5 27. Rxe6
fxe6 28. Ra7+ Kf6 29. b4 Nd3 30. b7 Nxb4 31. Ne3 d5 32. Ng4+ Ke7 33. Ne5 Ke8
1/2-1/2

[Event "Moscu Open 2009"]
[Site "Moscu RUS"]
[Date "2009.02.02"]
[Round "3.10"]
[White "Svetushkin, Dmitry"]
[Black "Moiseev, Gumar"]
[Result "1-0"]
[WhiteElo "2593"]
[BlackElo "2380"]
[PlyCount "79"]
[EventDate "2009.01.31"]
[EventType "swiss"]
[EventRounds "9"]
[EventCountry "RUS"]
[Source "lmi"]
[SourceDate "2009.01.31"]

1. e4 e5 2. Nf3 Nc6 3. Bc4 Nf6 4. d3 Be7 5. O-O d6 6. a4 Bg4 7. c3 O-O 8. h3
Bh5 9. Re1 Kh8 10. Nbd2 Qd7 11. a5 a6 12. Nf1 Rae8 13. Ng3 Bg6 14. Nh4 Ng8 15.
Nxg6+ fxg6 16. Be3 Bh4 17. Nf1 Nd8 18. Nh2 c6 19. Bb3 Ne6 20. Nf3 Bd8 21. g3
Nf6 22. Kg2 Bc7 23. Bc2 Re7 24. d4 exd4 25. cxd4 d5 26. e5 Ne4 27. Nd2 Nxd2 28.
Qxd2 c5 29. f4 Ref7 30. Ra3 Qd8 31. dxc5 d4 32. Bg1 Nxf4+ 33. gxf4 Rxf4 34. Be4
Qg5+ 35. Kh1 Bxe5 36. Bxb7 Bc7 37. Rf1 Qxc5 38. Rxf4 Rxf4 39. b4 Qb5 40. Bg2
1-0

[Event "Moscu Open 2009"]
[Site "Moscu RUS"]
[Date "2009.02.02"]
[Round "3.11"]
[White "Korotylev, Alexey"]
[Black "Ozolin, Maxim"]
[Result "1-0"]
[WhiteElo "2587"]
[BlackElo "2377"]
[PlyCount "97"]
[EventDate "2009.01.31"]
[EventType "swiss"]
[EventRounds "9"]
[EventCountry "RUS"]
[Source "lmi"]
[SourceDate "2009.01.31"]

1. d4 Nf6 2. c4 g6 3. Nc3 Bg7 4. e4 d6 5. Be2 O-O 6. Bg5 Na6 7. f4 c6 8. Nf3
Nc7 9. Bh4 d5 10. cxd5 cxd5 11. e5 Ne4 12. O-O f6 13. Qb3 Kh8 14. Bd3 Bf5 15.
Rad1 Bh6 16. exf6 exf6 17. Rfe1 g5 18. fxg5 fxg5 19. Bg3 Nxg3 20. hxg3 Bg4 21.
Re3 Bxf3 22. gxf3 Qd6 23. Ne2 b6 24. Kg2 Qf6 25. Rh1 Rae8 26. Bb1 Rxe3 27. Qxe3
Rf7 28. Nc3 Bf8 29. Qe5 Qxe5 30. dxe5 d4 31. Ne4 Be7 32. Rh5 Ne6 33. Bc2 Rg7
34. Rh6 Rg6 35. Rh1 Rg7 36. Rd1 h5 37. Bb3 Rg6 38. Nd6 h4 39. Nf5 Bc5 40. Kh3
g4+ 41. fxg4 Ng5+ 42. Kxh4 Nf3+ 43. Kh3 d3 44. Kg2 Ng1 45. Rxd3 Rxg4 46. Rd8+
Kh7 47. Rd7+ Kg6 48. Bc2 Kg5 49. Rg7+ 1-0

[Event "Moscu Open 2009"]
[Site "Moscu RUS"]
[Date "2009.02.02"]
[Round "3.14"]
[White "Popov, Ivan"]
[Black "Siritsa, Dmitry"]
[Result "1-0"]
[WhiteElo "2541"]
[BlackElo "2327"]
[PlyCount "63"]
[EventDate "2009.01.31"]
[EventType "swiss"]
[EventRounds "9"]
[EventCountry "RUS"]
[Source "lmi"]
[SourceDate "2009.01.31"]

1. e4 c5 2. Nf3 d6 3. d4 cxd4 4. Nxd4 Nf6 5. Nc3 g6 6. Be2 Bg7 7. O-O Nc6 8.
Nb3 O-O 9. Bg5 Be6 10. Kh1 Rc8 11. f4 Na5 12. f5 Bc4 13. Bd3 b5 14. Qe1 b4 15.
Nd1 Qb6 16. Ne3 Bxd3 17. cxd3 Nc6 18. Rc1 e6 19. Qh4 exf5 20. exf5 Ne5 21. Nc4
Nxc4 22. dxc4 d5 23. c5 Qa6 24. Rf3 gxf5 25. Nd4 Ne4 26. Nxf5 Bxb2 27. Bh6 Kh8
28. Bxf8 Rxf8 29. Qe7 Rg8 30. Nd6 Nxd6 31. cxd6 f6 32. Rc7 1-0

[Event "Moscu Open 2009"]
[Site "Moscu RUS"]
[Date "2009.02.02"]
[Round "3.16"]
[White "Krapivin, Alexander"]
[Black "Kozlov, Gennady"]
[Result "1-0"]
[WhiteElo "2501"]
[BlackElo "2257"]
[PlyCount "125"]
[EventDate "2009.01.31"]
[EventType "swiss"]
[EventRounds "9"]
[EventCountry "RUS"]
[Source "lmi"]
[SourceDate "2009.01.31"]

1. e4 c6 2. d4 d5 3. exd5 cxd5 4. Bd3 Nc6 5. c3 Nf6 6. Bf4 Bg4 7. Qb3 Qc8 8.
Nd2 e6 9. Ngf3 Be7 10. O-O O-O 11. Rae1 Bh5 12. a3 Bg6 13. Bxg6 hxg6 14. Ne5
Nxe5 15. Bxe5 Nd7 16. Bg3 Nb8 17. Qd1 b5 18. Qg4 Nd7 19. Bh4 Bxh4 20. Qxh4 Qd8
21. Qf4 Qf6 22. Qg3 Qf5 23. Nf3 Nf6 24. Ne5 g5 25. f3 Rfc8 26. Qf2 a5 27. g4
Qf4 28. Kg2 Nh7 29. Rh1 g6 30. h4 Kg7 31. h5 gxh5 32. Nd3 Qd6 33. Rxh5 Rh8 34.
Reh1 Rag8 35. Ne5 Qe7 36. Qe3 f6 37. Nc6 Qd7 38. Nxa5 Nf8 39. Nb3 Ng6 40. Nc5
Qd6 41. Rxh8 Rxh8 42. Rxh8 Kxh8 43. Nd3 Kg7 44. Kf1 Kf7 45. Ke2 Qh2+ 46. Qf2
Qh1 47. Kd2 Qb1 48. Qe1 Qxe1+ 49. Kxe1 Ke7 50. Kd2 Kd6 51. b3 Ne7 52. f4 gxf4
53. Nxf4 e5 54. Nh5 f5 55. g5 Nc6 56. g6 Ke6 57. g7 Kf7 58. dxe5 Nxe5 59. Ke3
Nc6 60. a4 Na5 61. axb5 Nxb3 62. b6 Na5 63. Kf4 1-0

[Event "Moscu Open 2009"]
[Site "Moscu RUS"]
[Date "2009.02.02"]
[Round "3.17"]
[White "Nyudleev, Dolgan"]
[Black "Ajrapetjan, Yuriy"]
[Result "0-1"]
[WhiteElo "2397"]
[BlackElo "2490"]
[PlyCount "64"]
[EventDate "2009.01.31"]
[EventType "swiss"]
[EventRounds "9"]
[EventCountry "RUS"]
[Source "lmi"]
[SourceDate "2009.01.31"]

1. e4 e5 2. Nf3 Nc6 3. Nc3 Nf6 4. Bb5 Nd4 5. Nxd4 exd4 6. e5 dxc3 7. exf6 Qxf6
8. dxc3 c6 9. Bd3 d5 10. O-O Bc5 11. Qh5 g6 12. Qh6 Bf8 13. Qe3+ Be6 14. Qg3
Qe7 15. Bf4 Bg7 16. Rfe1 Qd7 17. Bd6 O-O-O 18. Bb8 a6 19. a4 Bf8 20. Ba7 Bd6
21. Qe3 Rde8 22. Bb6 Bf5 23. Qd4 Bxd3 24. cxd3 Qf5 25. Re3 Be5 26. Qc5 Re6 27.
Rae1 Rhe8 28. Qb4 h5 29. Rf3 Bd6 30. Be3 Bxb4 31. Rxf5 gxf5 32. cxb4 f4 0-1